| 000 | 00533nam a2200181 a 4500 | ||
|---|---|---|---|
| 001 | 4870 | ||
| 003 | CDMR | ||
| 005 | 20131002161736.0 | ||
| 008 | 130130s1973||||||||||||||||||||||||||||d | ||
| 020 | _a8430059563 | ||
| 040 |
_aCDMR _bcat _cCDMR |
||
| 100 | 1 |
_9758 _aThibault-Laulan, Anne Marie |
|
| 245 | 1 | 0 |
_aImagen y comunicación _cAnne-Marie Thibault-Laulan ; con la colaboración de R. Escarpit ... [et al.] |
| 260 |
_aValencia _bFernando Torres _c1973 |
||
| 300 | _a186 p. | ||
| 650 | 0 | 4 |
_93737 _aComunicació visual |
| 942 |
_cMON _2udc |
||
| 999 |
_c4870 _d4870 |
||